Formule 1 - Champions du monde par année - Mort subite - Statistiques

Statistiques générales
  • Ce quiz a été pris 4 613 fois
    4 371 depuis la dernière actualisation
  • Le résultat moyen est 7 sur 24
Answers on the Grid
Answers color-coded by a green-red scale on the quiz's grid according to % correct below.
Schumacher (2000)
Schumacher (2002)
Prost (1985)
Prost (1993)
Ascari (1953)
Häkkinen (1999)
Fangio (1955)
Brabham (1960)
Piquet (1983)
Lauda (1975)
D. Hill (1996)
Schumacher (1995)
Farina (1950)
Clark (1965)
N. Rosberg (2016)
Hamilton (2017)
Hamilton (2019)
Verstappen (2023)
Hamilton (2008)
Verstappen (2021)
Alonso (2005)
Button (2009)
Senna (1991)
Senna (1988)
G. Hill (1996)
Schumacher (1998)
Hamilton (2021)
Räikkönen (2006)
Latifi (2020)
Prost (1984)
Hamilton (2016)
Rosberg (2014)
Vettel (2018)
Mansell (1989)
Prost (1976)
Lauda (1966)
Clark (1959)
Hulme (1987)
Piquet (1980)
Andretti (1977)
Scheckter (1994)
Fangio (1952)
Ascari (1950)
Fangio (1950)
Button (2011)
Verstappen (2015)
Räikkönen (2012)
Senna (1986)
Villeneuve (1998)
K. Rosberg (1978)
 
Statistiques - réponses
Réponse % Correct
Verstappen (2023)
48%
Verstappen (2021)
46%
Hamilton (2017)
45%
Hamilton (2019)
44%
N. Rosberg (2016)
41%
Hamilton (2008)
40%
Schumacher (2000)
40%
Alonso (2005)
39%
Schumacher (2002)
38%
Button (2009)
36%
Häkkinen (1999)
31%
Schumacher (1995)
30%
Prost (1993)
29%
Senna (1991)
28%
Farina (1950)
25%
Senna (1988)
25%
Fangio (1955)
24%
D. Hill (1996)
23%
Prost (1985)
21%
Lauda (1975)
20%
Ascari (1953)
18%
Piquet (1983)
18%
Clark (1965)
12%
Brabham (1960)
10%
Aucun quiz correspondant
Distribution des résultats
% des personnes avec chaque résultat
Percentile par nombre de réponses
Votre historique - résultats
Vous n’avez pas pris ce quiz depuis la dernière actualisation